[Event "Karl Ernst Adolf Anderssen"]
[Site "SchemingMind.com"]
[Date "2009.11.21"]
[Round "-"]
[White "Gammon"]
[Black "lame wolf"]
[Result "0-1"]
[WhiteCountry "USA"]
[BlackCountry "INT"]
[WhiteElo "1416"]
[WhiteRD "47"]
[BlackElo "1097"]
[BlackRD "53"]
[GameID "227664"]

1. d4 h6 2. Nf3 g5 3. e4 Bg7 4. Bc4 e6 5. Nc3 Qe7 6. Be3 f5 7. Qd3 f4 8. Bd2 e5 9. d5 d6 10. O-O-O a6
11. g3 Bg4 12. h3 Bxf3 13. Qxf3 b5 14. Bb3 b4 15. Ne2 a5 16. Ba4+ Kf8 17. gxf4 exf4 18. h4 Qf6 19. hxg5 Qxb2#
0-1

[Event "Karl Ernst Adolf Anderssen"]
[Site "SchemingMind.com"]
[Date "2009.11.21"]
[Round "-"]
[White "lame wolf"]
[Black "Gammon"]
[Result "0-1"]
[WhiteCountry "INT"]
[BlackCountry "USA"]
[WhiteElo "1097"]
[WhiteRD "53"]
[BlackElo "1416"]
[BlackRD "47"]
[GameID "227672"]

1. g4 d5 2. g5 e5 3. h4 Bf5 4. d3 Qd6 5. e3 Nc6 6. Bg2 g6 7. Nc3 Be6 8. f3 O-O-O 9. Bh3 Re8 10. Bxe6+ Rxe6
11. e4 dxe4 12. fxe4 h6 13. Be3 f6 14. Nb5 Qb4+ 15. Nc3 Qxb2 16. Qb1 Qxc3+ 17. Bd2 Qc5 18. Rh2 Nd4 19. c3 Nb5 20. Ke2 Nxc3+
21. Bxc3 Qxc3 22. Ke3 Bc5+ 23. Kf3 Rb6 24. Qc1 Qxd3+ 25. Kg4 Qxe4+ 26. Kg3 Qd3+ 27. Nf3 e4
0-1

[Event "Karl Ernst Adolf Anderssen"]
[Site "SchemingMind.com"]
[Date "2009.11.26"]
[Round "-"]
[White "robertoi72"]
[Black "MOIMOI"]
[Result "1-0"]
[WhiteCountry "ITA"]
[BlackCountry "POL"]
[WhiteElo "1894"]
[WhiteRD "89"]
[BlackElo "1597"]
[BlackRD "54"]
[GameID "228217"]

1. d4 Nf6 2. c4 d6 3. Nc3 e6 4. e4 Nbd7 5. f4 e5 6. Nf3 Nh5 7. dxe5 dxe5 8. fxe5 Bb4 9. Qd5 c6 10. Qd4 Bc5
11. Qd1 O-O 12. Ng5 h6 13. Qxh5 hxg5 14. Bxg5 Be7 15. e6 fxe6 16. h4 Nf6 17. Qg6 e5 18. h5 Qd4 19. h6 Rf7 20. h7+ Kh8
21. Rd1 Qxd1+ 22. Kxd1 Be6 23. Kc2 Raf8 24. g3 Bb4 25. Bh3 Bxc4 26. Rd1 Ne8 27. Rd7 Rf2+ 28. Kc1 Bf7 29. Rxf7 R8xf7 30. Nd1 R2f3
31. Bg2 R3f6 32. Bxf6 Rxf6 33. Qxe8+ Kxh7 34. Bh3 g6 35. Qxe5 Rd6 36. Qe7+ Kh6 37. Qf8+ Kh7 38. Qf7+ Kh6 39. e5 Rd5 40. e6 Bd2+
41. Kc2 Bg5 42. Ne3 Rc5+ 43. Kd3 Re5 44. Ng4+
1-0

[Event "Karl Ernst Adolf Anderssen"]
[Site "SchemingMind.com"]
[Date "2009.11.26"]
[Round "-"]
[White "MOIMOI"]
[Black "robertoi72"]
[Result "0-1"]
[WhiteCountry "POL"]
[BlackCountry "ITA"]
[WhiteElo "1597"]
[WhiteRD "54"]
[BlackElo "1894"]
[BlackRD "89"]
[GameID "228221"]

1. Nf3 Nf6 2. g3 g6 3. Nc3 Bg7 4. Bg2 O-O 5. h4 d5 6. d4 c5 7. Be3 Ne4 8. O-O Nxc3 9. bxc3 Nc6 10. Rb1 Qa5
11. Bd2 Qxa2 12. Re1 cxd4 13. cxd4 Bxd4 14. Nxd4 Nxd4 15. Bh6 Nxc2 16. Bxd5 Qa5 17. e4 Qxe1+ 18. Qxe1 Nxe1 19. Bxf8 Nf3+ 20. Kg2 Nxh4+
21. gxh4 Kxf8 22. e5 e6 23. Bxb7 Bxb7+ 24. Rxb7 a5 25. Rb3 Ke7 26. Kf3 a4 27. Rb7+ Ke8 28. Rb2 a3 29. Ra2 Ra4 30. Kg3 f5
31. exf6 Kf7 32. f4 Kxf6 33. Kf3 e5 34. fxe5+ Kxe5 35. Ke3 Rxh4 36. Kd3 Kf4 37. Kc4 Kf3+ 38. Kb5 g5 39. Rxa3+ Kf4 40. Ra4+ Kg3
41. Ra3+ Kf4 42. Kc4 g4 43. Kd5 g3 44. Ra4+ Kg5 45. Ra2 Rh2 46. Ra5 g2 47. Ke6+ Kg4 48. Ra4+ Kf3 49. Ra3+ Ke2 50. Ra2+ Kd3
51. Ra3+ Kc4
0-1

[Event "Karl Ernst Adolf Anderssen"]
[Site "SchemingMind.com"]
[Date "2009.11.27"]
[Round "-"]
[White "Clive Everill"]
[Black "XTC"]
[Result "1-0"]
[WhiteCountry "CZE"]
[BlackCountry "COL"]
[WhiteElo "1672"]
[WhiteRD "49"]
[BlackElo "1739"]
[BlackRD "49"]
[GameID "228370"]

1. d4 d5 2. c4 e6 3. Nf3 Nf6 4. Bg5 Be7 5. e3 O-O 6. Nc3 Nbd7 7. Rc1 c6 8. cxd5 cxd5 9. Bd3 h6 10. Bh4 a6
11. O-O Qc7 12. Nxd5 Qd6 13. Nxe7+ Qxe7 14. Ne5 g5 15. Bg3 Nxe5 16. Bxe5 b5 17. Rc7 Qd8 18. Qc2 Nd5 19. Bh7#
1-0

[Event "Karl Ernst Adolf Anderssen"]
[Site "SchemingMind.com"]
[Date "2009.11.27"]
[Round "-"]
[White "maro"]
[Black "somar96"]
[Result "0-1"]
[WhiteCountry "MEX"]
[BlackCountry "POL"]
[WhiteElo "1327"]
[WhiteRD "48"]
[BlackElo "1693"]
[BlackRD "143"]
[GameID "228371"]

1. c4 c5 2. Nc3 Nc6 3. d3 Nf6 4. Bf4 d6 5. e3 e5 6. Bg5 Be6 7. Be2 Be7 8. Bxf6 Bxf6 9. e4 O-O 10. h3 Bg5
11. Bg4 Nd4 12. Bxe6 fxe6 13. Nf3 Nxf3+ 14. gxf3 Qf6 15. h4 Bxh4 16. Rxh4 Qxh4 17. Kd2 Qxf2+ 18. Kc1 Rxf3 19. b3 Raf8
0-1

[Event "Karl Ernst Adolf Anderssen"]
[Site "SchemingMind.com"]
[Date "2009.11.27"]
[Round "-"]
[White "XTC"]
[Black "Clive Everill"]
[Result "1-0"]
[WhiteCountry "COL"]
[BlackCountry "CZE"]
[WhiteElo "1818"]
[WhiteRD "48"]
[BlackElo "1709"]
[BlackRD "47"]
[GameID "228377"]

1. e4 e5 2. Nf3 Nc6 3. Bc4 Nd4 4. Nxd4 exd4 5. O-O Bc5 6. c3 Nf6 7. d3 O-O 8. Bg5 h6 9. Bh4 g5 10. Bg3 d6
11. h3 a6 12. b4 Ba7 13. a4 c5 14. b5 axb5 15. Bxb5 Bb8 16. cxd4 cxd4 17. Nd2 Bd7 18. Qb3 Bxb5 19. Qxb5 b6 20. Qc6 Bc7
21. Rfc1 Rc8 22. Nb3 Nd7 23. Nxd4 Ne5 24. Bxe5 dxe5 25. Nf5 f6 26. Qe6+ Kh7 27. Qe7+ Qxe7 28. Nxe7 Rce8 29. Rxc7 Rf7 30. Nd5 Rxc7
31. Nxc7 Rd8 32. Nd5 f5 33. Rb1 fxe4 34. dxe4 Ra8 35. Nxb6 Ra5 36. Rb5 Ra6 37. a5 Ra7 38. Rxe5 Kg6 39. Nd5 h5 40. Re6+
1-0

[Event "Karl Ernst Adolf Anderssen"]
[Site "SchemingMind.com"]
[Date "2009.11.27"]
[Round "-"]
[White "somar96"]
[Black "maro"]
[Result "1-0"]
[WhiteCountry "POL"]
[BlackCountry "MEX"]
[WhiteElo "1914"]
[WhiteRD "62"]
[BlackElo "1277"]
[BlackRD "51"]
[GameID "228378"]

1. e4 e5 2. Nf3 Nf6 3. Nxe5 Nxe4 4. Qe2 d6 5. Qxe4 dxe5 6. Qxe5+ Be6 7. Nc3 Nd7 8. Qe3 Bc5 9. d4 Bb4 10. Bd2 O-O
11. O-O-O c5 12. d5 Bg4 13. f3 Re8 14. Qf4 Bh5 15. a3 Bxc3 16. Bxc3 f6 17. Bc4 Bf7 18. Rhe1 Rxe1 19. Rxe1 Qf8 20. Qc7 Ne5
21. Bxe5 fxe5 22. Rxe5 b6 23. b3 a6 24. Re7 Rc8 25. Qe5 b5 26. Bd3 c4 27. Bf5 cxb3 28. Bxc8 Qxc8 29. Qc7 Qxc7 30. Rxc7 Bxd5
31. cxb3 Bxb3 32. Kb2 Bd5 33. Kc3 a5 34. Rc5
1-0

[Event "Karl Ernst Adolf Anderssen"]
[Site "SchemingMind.com"]
[Date "2009.11.30"]
[Round "-"]
[White "jl1234"]
[Black "The Capitalist"]
[Result "1-0"]
[WhiteCountry "POL"]
[BlackCountry "USA"]
[WhiteElo "1798"]
[WhiteRD "75"]
[BlackElo "1629"]
[BlackRD "98"]
[GameID "228555"]

1. d4 d5 2. c4 c6 3. c5 Nf6 4. Nc3 Bf5 5. h3 Ne4 6. Nxe4 dxe4 7. g4 Bg6 8. Bg2 f5 9. e3 e6 10. Ne2 Be7
11. Qb3 Qd5 12. Qxb7 Qd7 13. Qb3 Bh4 14. O-O O-O 15. Nf4 Bf7 16. Qc3 Bg5 17. Ne2 Qd5 18. Qb4 Nd7 19. Nc3 a5 20. Nxd5 axb4
21. Nxb4 Rfc8 22. Rd1 Nf6 23. f4 exf3 24. Bxf3 fxg4 25. hxg4 Nd5 26. Nxd5 exd5 27. Bd2 Re8 28. Kf2 g6 29. Ke2 h5 30. Rh1 Kg7
31. gxh5 Rh8 32. hxg6 Rxh1 33. Bxh1 Bxg6 34. Bf3 Rh8 35. Rh1 Rxh1 36. Bxh1 Kf6 37. Bf3 Ke6 38. a4 Bd8 39. Bg4+ Bf5 40. Bxf5+ Kxf5
41. a5 Bc7 42. a6 Bb8 43. Ba5 Ke6 44. Bb6 Kd7 45. a7 Bxa7 46. Bxa7 Kc7 47. Kd3 Kb7 48. Bb6 Ka6 49. Kc3 Kb5 50. Kb3 Ka6
51. Kb4 Kb7 52. Ka5 Kb8 53. Ka6 Ka8 54. Ba5 Kb8 55. Kb6 Kc8 56. Kxc6
1-0

[Event "Karl Ernst Adolf Anderssen"]
[Site "SchemingMind.com"]
[Date "2009.11.29"]
[Round "-"]
[White "The Capitalist"]
[Black "jl1234"]
[Result "0-1"]
[WhiteCountry "USA"]
[BlackCountry "POL"]
[WhiteElo "1629"]
[WhiteRD "98"]
[BlackElo "1798"]
[BlackRD "75"]
[GameID "228564"]

1. e4 e5 2. Nf3 d6 3. d4 exd4 4. Nxd4 Be7 5. Bc4 Nf6 6. Nc3 c6 7. a4 O-O 8. f3 h6 9. O-O Nbd7 10. Bf4 Nb6
11. b3 Nxc4 12. bxc4 Nh5 13. Qd2 Bf6 14. Be3 Be5 15. f4 Bf6 16. e5 dxe5 17. fxe5 Bxe5 18. Rf5 Bxd4 19. Rxh5 Bxe3+ 20. Qxe3 Re8
21. Qg3 Qd4+ 22. Kh1 Re3 23. Rd1 Qxd1+ 24. Nxd1 Rxg3 25. hxg3 Bg4 26. Re5 Bxd1 27. Re7 b6 28. c3 Bxa4 29. Re4 c5 30. Kh2 Kf8
31. Kh3 Bb3 32. g4 a5 33. Re1 a4 34. Ra1 a3 35. Kh4 a2 36. g5 Bc2 37. gxh6 gxh6 38. g4 Bb1 39. Kh5 Kg7 40. g5 Rh8
41. gxh6+ Rxh6+ 42. Kg5 Rf6 43. Kg4 Rf1 44. Kg3 Kg6 45. Kg2 Rf4 46. Kg3 Kf5 47. Kg2 Ke4 48. Kg3 Rf6 49. Kg4 Rg6+ 50. Kh3 Kf4
51. Kh4 Rh6#
0-1

[Event "Karl Ernst Adolf Anderssen"]
[Site "SchemingMind.com"]
[Date "2009.12.01"]
[Round "-"]
[White "lemme howdt"]
[Black "capablanca"]
[Result "1/2-1/2"]
[WhiteCountry "USA"]
[BlackCountry "GER"]
[WhiteElo "1635"]
[WhiteRD "99"]
[BlackElo "1607"]
[BlackRD "58"]
[GameID "228882"]

1. e4 c5 2. Nf3 g6 3. Bc4 Bg7 4. c3 d6 5. O-O Nc6 6. Re1 e6 7. d3 Nge7 8. Bg5 O-O 9. h4 h6 10. Bxe7 Qxe7
11. Nbd2 b6 12. Bb5 Bb7 13. g3 a6 14. Bxc6 Bxc6 15. d4 cxd4 16. Nxd4 Bb7 17. f3 Qc7 18. Kf2 d5 19. exd5 Bxd5 20. f4 Qc5
21. Nb3 Qc8 22. Qd2 Rd8 23. Rad1 Qb7 24. Qe3 Rac8 25. g4 Bxb3 26. Nxb3 Rxd1 27. Rxd1 Qc7 28. g5 h5 29. Nd4 Rd8 30. Rd2 Rd5
31. b3 e5 32. fxe5 Qxe5 33. Qxe5 Bxe5 34. Kf3 f6 35. gxf6 Bxf6 36. Kg3 Kf7 37. Rf2 Kg7 38. Ne6+ Kf7 39. Nd4 Ke7 40. Re2+ Be5+
41. Kf3 Kf6 42. Re4 Rd7 43. Ke3 Bg3 44. Re6+ Kf7 45. Rxb6 Bxh4 46. Rxa6 Be7 47. b4 h4 48. Nf3 h3 49. b5 Bc5+ 50. Kf4 h2
51. Nxh2 Bd6+ 52. Kg5 Bxh2 53. Rf6+ Ke7 54. Kxg6 Rd6= 55. Rxd6 Bxd6 56. a4 Bc7 57. Kf5 Kd6 58. Ke4 Kc5 59. Kd3 Bb6 60. Ke4 Kc4
61. Ke5=
1/2-1/2

[Event "Karl Ernst Adolf Anderssen"]
[Site "SchemingMind.com"]
[Date "2009.12.01"]
[Round "-"]
[White "capablanca"]
[Black "lemme howdt"]
[Result "1-0"]
[WhiteCountry "GER"]
[BlackCountry "USA"]
[WhiteElo "1616"]
[WhiteRD "52"]
[BlackElo "1663"]
[BlackRD "98"]
[GameID "228890"]

1. e4 e5 2. Nf3 Nc6 3. c3 Bc5 4. d4 exd4 5. cxd4 Bb4+ 6. Bd2 d5 7. Bxb4 Nxb4 8. e5 a5 9. a3 Nc6 10. Bb5 Ne7
11. Nc3 Bg4 12. h3 Bd7 13. O-O O-O 14. Re1 Nf5 15. Nxd5 Re8 16. Nc3 Nb8 17. Bxd7 Qxd7 18. d5 Ra6 19. Qc2 g6 20. Rad1 h6
21. Ne4 Qb5 22. Nf6+ Kf8 23. Nxe8 Kxe8 24. e6 Nd6 25. exf7+ Kxf7 26. Ne5+
1-0

[Event "Karl Ernst Adolf Anderssen"]
[Site "SchemingMind.com"]
[Date "2010.01.04"]
[Round "-"]
[White "spoke"]
[Black "lame wolf"]
[Result "1-0"]
[WhiteCountry "GER"]
[BlackCountry "INT"]
[WhiteElo "1776"]
[WhiteRD "57"]
[BlackElo "1052"]
[BlackRD "44"]
[GameID "233499"]

1. e4 c5 2. Nf3 b6 3. d4 Bb7 4. d5 e6 5. c4 Bd6 6. e5 Bc7 7. d6 Nc6 8. dxc7 Qxc7 9. Qd6 Qxd6 10. exd6 f6
11. Be2 g6 12. b3 h6 13. Bb2 Rh7 14. Na3 Ne5 15. Nxe5 fxe5 16. Bxe5 Bxg2 17. Rg1 Be4 18. Bh5 Kf8 19. Bxg6
1-0

[Event "Karl Ernst Adolf Anderssen"]
[Site "SchemingMind.com"]
[Date "2010.01.04"]
[Round "-"]
[White "lame wolf"]
[Black "spoke"]
[Result "0-1"]
[WhiteCountry "INT"]
[BlackCountry "GER"]
[WhiteElo "1052"]
[WhiteRD "44"]
[BlackElo "1776"]
[BlackRD "57"]
[GameID "233501"]

1. Nf3 d5 2. d4 g6 3. e3 Bg7 4. Bd3 Bd7 5. O-O Nf6 6. c4 dxc4 7. Bxc4 O-O 8. Bd2 b5 9. Bd3 a6 10. b4 Nc6
11. a3 Nd5 12. e4 Nb6 13. Ra2 Nxd4 14. Nxd4 Bxd4 15. Bc3 Be6 16. Rc2 Bb3 17. Qd2 Bxc2 18. Qxc2 Bxc3 19. Nxc3 e6 20. Rd1 Qe7
21. e5 c5 22. h3 cxb4 23. axb4 Qxb4 24. Ne2 Rfc8 25. Qb1 Qxb1 26. Rxb1 Nd5 27. Be4 Rc5 28. Nd4 Rac8 29. Kh2 Nc3 30. Nc6 R8xc6
31. Bxc6 Rxc6 32. f4 Nxb1
0-1

[Event "Karl Ernst Adolf Anderssen"]
[Site "SchemingMind.com"]
[Date "2010.02.05"]
[Round "-"]
[White "jl1234"]
[Black "Clive Everill"]
[Result "1-0"]
[WhiteCountry "POL"]
[BlackCountry "CZE"]
[WhiteElo "1805"]
[WhiteRD "74"]
[BlackElo "1721"]
[BlackRD "48"]
[GameID "237221"]

1. d4 Nf6 2. Nf3 c5 3. d5 b5 4. Bg5 Ne4 5. Qd3 Nxg5 6. Nxg5 g6 7. Qxb5 Bg7 8. Nd2 Qb6 9. Qxb6 axb6 10. c3 O-O
11. e3 h6 12. Nge4 f5 13. Ng3 Bb7 14. Bc4 Kh7 15. O-O d6 16. Ne2 Nd7 17. Nf4 Be5 18. Ne6 Rfc8 19. a3 Nf6 20. f4 Nxd5
21. fxe5 Nxe3 22. Rf2 Nxc4 23. Nxc4 d5 24. Nxb6 Rxa3 25. Rxa3 Rc6 26. Nxc5 Rxb6 27. Nxb7 Rxb7 28. Ra5 e6 29. Ra6 Re7 30. Rf4 g5
31. Rfa4 Kg6 32. g3 h5 33. Rb4 Kf7 34. Kg2 g4 35. Rbb6
1-0

[Event "Karl Ernst Adolf Anderssen"]
[Site "SchemingMind.com"]
[Date "2010.02.05"]
[Round "-"]
[White "Clive Everill"]
[Black "jl1234"]
[Result "1/2-1/2"]
[WhiteCountry "CZE"]
[BlackCountry "POL"]
[WhiteElo "1721"]
[WhiteRD "48"]
[BlackElo "1805"]
[BlackRD "74"]
[GameID "237227"]

1. e4 e5 2. Nc3 Bb4 3. Bc4 Bxc3 4. bxc3 Nf6 5. d3 c6 6. f4 Qa5 7. Bd2 exf4 8. Nf3 O-O 9. O-O d5 10. e5 Ng4
11. Bb3 Ne3 12. Bxe3 fxe3 13. Qe1 Qb6 14. d4 Bg4 15. Qxe3 Nd7 16. Nd2 Be6 17. a4 a6 18. Nf3 Bg4 19. Ng5 Rae8 20. Qg3 Bh5
21. Rab1 Qd8 22. Nh3 Re6 23. Nf4 Rh6 24. Nxh5 Rxh5 25. c4 dxc4 26. Bxc4 Nxe5 27. dxe5 Qd4+ 28. Kh1 Qxc4 29. Qb3 Qxb3 30. Rxb3 Rxe5
31. Rxb7 Rc5 32. Rb6 Rxc2 33. Rxa6 Ra2 34. Rxc6 Rxa4 35. Rc7 f6 36. h3 Rfa8 37. Kh2 R4a7 38. Rcc1 Kf7 39. Rf3 h6 40. Rcf1 Ra6
41. Rb3 g5 42. Rff3 Kg6 43. Rg3 f5 44. Rgd3 h5 45. Rb7 R8a7 46. Rb8 g4 47. hxg4 hxg4 48. Rg8+ Rg7 49. Rxg7+ Kxg7 50. Kg3 Kg6
51. Kh4 Kf6 52. Rd8 Ra7 53. Rf8+= Rf7 54. Rh8 Ke5 55. Kg3 Rg7 56. Re8+ Kf6 57. Kf4 Rf7 58. Re5 Kg6 59. g3 Rf6=
1/2-1/2

[Event "Karl Ernst Adolf Anderssen"]
[Site "SchemingMind.com"]
[Date "2010.02.16"]
[Round "-"]
[White "robertoi72"]
[Black "somar96"]
[Result "1-0"]
[WhiteCountry "ITA"]
[BlackCountry "POL"]
[WhiteElo "1888"]
[WhiteRD "95"]
[BlackElo "1781"]
[BlackRD "65"]
[GameID "239091"]

1. d4 Nf6 2. c4 g6 3. Nc3 d5 4. cxd5 Nxd5 5. e4 Nxc3 6. bxc3 Bg7 7. Bc4 O-O 8. Be3 c5 9. Ne2 Nc6 10. O-O Na5
11. Bd3 c4 12. Bc2 f5 13. exf5 Bxf5 14. Ng3 Bxc2 15. Qxc2 Qd5 16. Qe4 e6 17. Rab1 b6 18. Qxd5 exd5 19. Rb5 Rad8 20. Bg5 Rd7
21. Re1 Kf7 22. f4 h6 23. Bh4 Nc6 24. Rb2 Re8 25. Rxe8 Kxe8 26. Re2+ Kf7 27. Nf1 b5 28. a3 Bf8 29. Ra2 a5 30. Ne3 b4
31. axb4 axb4 32. Ra6 Rd6 33. cxb4 Nxb4 34. Ra7+ Kg8 35. Kf2 Rc6 36. Ke2 c3 37. Ra1 Bg7 38. Be7 c2 39. Rc1 Na6 40. Nxd5 Bxd4
41. Kd3
1-0

[Event "Karl Ernst Adolf Anderssen"]
[Site "SchemingMind.com"]
[Date "2010.02.16"]
[Round "-"]
[White "somar96"]
[Black "robertoi72"]
[Result "1-0"]
[WhiteCountry "POL"]
[BlackCountry "ITA"]
[WhiteElo "1892"]
[WhiteRD "62"]
[BlackElo "1892"]
[BlackRD "95"]
[GameID "239095"]

1. e4 c5 2. Nf3 d6 3. d4 cxd4 4. Nxd4 Nf6 5. Nc3 a6 6. h3 e6 7. g4 d5 8. exd5 Nxd5 9. Bd2 Nc6 10. Nxc6 bxc6
11. Bg2 Be7 12. O-O O-O 13. Ne4 Qc7 14. Qf3 f5 15. gxf5 Rxf5 16. Qg3 e5 17. Rae1 Rb8 18. b3 Bb4 19. c3 Be7 20. c4 Nf6
21. Nxf6+ Bxf6 22. Be4 Rh5 23. Bg2 Bh4 24. Qd3 Bf5 25. Qf3 Bg6 26. Qxc6 Qxc6 27. Bxc6 Rd8 28. Bd5+ Bf7 29. Bxf7+ Kxf7 30. Be3 Rd6
31. Rd1 Rg6+ 32. Kh2 Bg5 33. c5 Bf4+ 34. Bxf4 exf4 35. b4 Rhg5 36. Rg1 f3 37. Rxg5 Rxg5 38. Rg1
1-0

[Event "Karl Ernst Adolf Anderssen"]
[Site "SchemingMind.com"]
[Date "2010.02.28"]
[Round "-"]
[White "jl1234"]
[Black "spoke"]
[Result "1-0"]
[WhiteCountry "POL"]
[BlackCountry "GER"]
[WhiteElo "1801"]
[WhiteRD "71"]
[BlackElo "1773"]
[BlackRD "55"]
[GameID "240073"]

1. d4 d5 2. Nf3 Nf6 3. Bg5 h6 4. Bh4 c5 5. Bxf6 exf6 6. h3 Nc6 7. e3 c4 8. a3 Be7 9. Be2 Bf5 10. O-O O-O
11. Nc3 a6 12. b3 b5 13. Nh4 Bh7 14. Bf3 Bxa3 15. Bxd5 Bb4 16. Bxc6 Bxc3 17. Ra2 cxb3 18. cxb3 Ra7 19. Bxb5 a5 20. Bc4 f5
21. Nf3 Qd6 22. Qc1 Bb4 23. Ne5 f4 24. Qd1 Be4 25. Nd3 Qg6 26. Nxf4 Qf5 27. Qh5
1-0

[Event "Karl Ernst Adolf Anderssen"]
[Site "SchemingMind.com"]
[Date "2010.02.26"]
[Round "-"]
[White "spoke"]
[Black "jl1234"]
[Result "1/2-1/2"]
[WhiteCountry "GER"]
[BlackCountry "POL"]
[WhiteElo "1773"]
[WhiteRD "55"]
[BlackElo "1801"]
[BlackRD "71"]
[GameID "240077"]

1. e4 e5 2. Nf3 d6 3. d4 exd4 4. Qxd4 Nc6 5. Bb5 Bd7 6. Bxc6 Bxc6 7. Nc3 Qf6 8. Qd3 h6 9. O-O Qd8 10. Re1 Qd7
11. Bf4 Ne7 12. Nd4 Ng6 13. Bg3 a6 14. Nd5 O-O-O 15. c4 Ne5 16. Qb3 Be7 17. Rad1 Ng6 18. Nxc6 Qxc6 19. e5 Rhe8 20. exd6 Bxd6
21. Rxe8 Rxe8 22. Bxd6 Qxd6 23. Qf3 Qe6 24. Ne3 Ne5 25. Qf4 g5 26. Qd4 Nc6 27. Qd5 Rd8 28. Qxe6+ fxe6 29. Rxd8+=
1/2-1/2

[Event "Karl Ernst Adolf Anderssen"]
[Site "SchemingMind.com"]
[Date "2010.05.26"]
[Round "-"]
[White "robertoi72"]
[Black "capablanca"]
[Result "1-0"]
[WhiteCountry "ITA"]
[BlackCountry "GER"]
[WhiteElo "1879"]
[WhiteRD "95"]
[BlackElo "1712"]
[BlackRD "54"]
[GameID "249956"]

1. d4 d5 2. c4 dxc4 3. e4 e6 4. Nc3 Nf6 5. Nf3 c5 6. d5 exd5 7. e5 d4 8. Bxc4 dxc3 9. Bxf7+ Ke7 10. exf6+ gxf6
11. Bd5 cxb2 12. Bxb2 Bh6 13. Qe2+ Kd6 14. Be5+ Ke7 15. Bf4+
1-0

[Event "Karl Ernst Adolf Anderssen"]
[Site "SchemingMind.com"]
[Date "2010.05.26"]
[Round "-"]
[White "capablanca"]
[Black "robertoi72"]
[Result "1/2-1/2"]
[WhiteCountry "GER"]
[BlackCountry "ITA"]
[WhiteElo "1694"]
[WhiteRD "56"]
[BlackElo "1868"]
[BlackRD "98"]
[GameID "249965"]

1. e4 c5 2. c3 d5 3. exd5 Qxd5 4. d4 Nf6 5. dxc5 Qxc5 6. Be3 Qc7 7. Nf3 Bg4 8. Be2 e6 9. O-O Nc6 10. Nd4 Bxe2
11. Qxe2 Nd5 12. Nxc6 Qxc6 13. Nd2 Nxe3 14. Qxe3 Bc5 15. Qe4 Qxe4 16. Nxe4 Be7 17. Rad1 f5 18. Nd6+ Bxd6 19. Rxd6 Ke7 20. Rfd1 Rhd8
21. Rxd8 Rxd8 22. Rxd8 Kxd8 23. f4 e5 24. fxe5 Ke7 25. Kf2 Ke6 26. Kf3 Kxe5 27. b3=
1/2-1/2

[Event "Karl Ernst Adolf Anderssen"]
[Site "SchemingMind.com"]
[Date "2010.07.08"]
[Round "-"]
[White "jl1234"]
[Black "robertoi72"]
[Result "0-1"]
[WhiteCountry "POL"]
[BlackCountry "ITA"]
[WhiteElo "1711"]
[WhiteRD "83"]
[BlackElo "1898"]
[BlackRD "102"]
[GameID "253911"]

1. e4 c5 2. Nf3 d6 3. Bc4 Nc6 4. a3 Nf6 5. d3 g6 6. Ng5 e6 7. O-O Bg7 8. c3 O-O 9. Be3 a5 10. Nd2 a4
11. Bb5 Ne5 12. d4 Neg4 13. Bxa4 Nxe3 14. fxe3 Qa5 15. Bc2 cxd4 16. Ngf3 dxc3 17. Nc4 Qc5 18. b3 Nxe4 19. Bxe4 d5 20. Nd4 dxe4
21. Nc2 b5 22. Qd6 Qxd6 23. Nxd6 Rd8 24. Nxe4 f5 25. Nf2 Rd2 26. Ra2 e5 27. Rd1 Be6 28. Rxd2 cxd2 29. Na1 Rd8 30. Nd1 e4
0-1

[Event "Karl Ernst Adolf Anderssen"]
[Site "SchemingMind.com"]
[Date "2010.07.07"]
[Round "-"]
[White "robertoi72"]
[Black "jl1234"]
[Result "1-0"]
[WhiteCountry "ITA"]
[BlackCountry "POL"]
[WhiteElo "1898"]
[WhiteRD "102"]
[BlackElo "1711"]
[BlackRD "83"]
[GameID "253913"]

1. d4 d5 2. c4 c6 3. Nf3 Bf5 4. Nc3 h6 5. e3 Nf6 6. Qb3 Qb6 7. c5 Qxb3 8. axb3 Nfd7 9. b4 Bg4 10. b5 Bxf3
11. gxf3 Nf6 12. e4 e6 13. e5 Nfd7 14. Bh3 b6 15. b4 Be7 16. f4 a6 17. f5 bxc5 18. fxe6 Nb6 19. bxc5 Nc4 20. bxc6 Nxc6
21. Nxd5 Bd8 22. Rb1 Nxd4 23. Rb7 fxe6 24. Nb6 Bxb6 25. cxb6 O-O 26. Be3 Nf5 27. Bxf5 Rxf5 28. Rg1 g5 29. Ke2 Rf7 30. Rxf7 Kxf7
31. Rc1 Nxe3 32. Rc7+ Kg6 33. Kxe3 a5 34. Ke4 Rb8 35. Rc6 Kf7 36. Kd4 Ke7 37. Kc5 Kd7 38. Rd6+
1-0